MARKET MOVER LESSONS FROM A DECADE OF CH (Record no. 32700)

MARC details
000 -LEADER
fixed length control field 00353nam a2200133Ia 4500
008 - FIXED-LENGTH DATA ELEMENTS--GENERAL INFORMATION
fixed length control field 240624s9999 xx 000 0 und d
041 ## - LANGUAGE CODE
Language code of text/sound track or separate title eng
082 ## - DEWEY DECIMAL CLASSIFICATION NUMBER
Classification number 332.643 GRE
100 ## - MAIN ENTRY--PERSONAL NAME
Personal name GREIFELD ROBERT
245 ## - TITLE STATEMENT
Title MARKET MOVER LESSONS FROM A DECADE OF CH
260 ## - PUBLICATION, DISTRIBUTION, ETC.
Date of publication, distribution, etc. 2019
Place of publication, distribution, etc. New York
Name of publisher, distributor, etc. Grand Central Publishing
300 ## - PHYSICAL DESCRIPTION
Extent 288p. ;23cm.
365 ## - TRADE PRICE
Currency code
Price amount 33
Holdings
Withdrawn status Lost status Damaged status Not for loan Home library Current library Shelving location Date acquired Full call number Barcode Date last seen Copy number Price effective from Koha item type
        IMTN IMTN Rack 12-B 01/07/2022 332.643 GRE 32700 06/24/2024 78.2 06/24/2024 Books
Designed & Maintained by: LRC IMT Nagpur Contact: lrc@imtnag.ac.in© 2024. All Rights Reserved.